000 00363nam a22001457a 4500
020 _a978-1-4557-0658-7
082 _a617.601 ,J14K
100 _aKATZ,DAVID.L
245 _aJAKEL'S EPIDEMIOLOGY,BIOSTATISTICS PREVENTIVE MEDICINE AND PUBLIC HEALTH.
250 _a4TH
260 _aNEW DELHI
_bELSEVIER
_c2014
300 _a403
650 _aPCD
942 _2ddc
_cBK
999 _c9936
_d9936